000 00855nam a2200253 i 4500
003 DO-SdBNP
005 20240927073750.0
006 a||||gr|||| 00| 0
007 ta
008 230908e2012 dr aoc|| |||| 00| e spa d
040 _aDO-SdBNP
_bspa
_cBNPHU
_erda
082 4 _222
_bB844p
100 _aBretón, Pedro,
_955534
_eautor
245 1 0 _aPresente y futuro de la visión política de Joaquín Balaguer. /
_cPedro Bretón
264 1 _aSanto Domingo :
_bBúho,
_c2012
300 _a89 páginas :
_bIlustraciones, fotografías, retratos ;
_c 23 cm.
336 _2rdacontent
_atexto
_btxt
337 _2rdamedia
_asin mediación
_bn
338 _2rdacarrier
_avolumen
_bnc
500 _aIncluye datos biográficos del autor en la página 89.
590 _aInventariado 2023 / MF
600 1 0 _a Balaguer, Joaquín,
_d1906-2002
_976556
942 _2ddc
_cLBS1
999 _c54658
_d54658